Germinie Lacerteux - Les freres Zemganno

Uloženo v:
Podrobná bibliografie
Hlavní autor: Goncourt, Edmond et Jules de
Médium: Kniha
Jazyk:Undetermined
Vydáno: Moscú, Rusia Progres 1980
Témata:
Tagy: Přidat tag
Žádné tagy, Buďte první, kdo vytvoří štítek k tomuto záznamu!

MARC

LEADER 00000nam a2200000Ia 4500
008 170316s9999 xx 000 0 und d
040 |a cru BVZT 
090 |a 840 G-11g 
100 |a Goncourt, Edmond et Jules de 
245 |a Germinie Lacerteux - Les freres Zemganno 
260 |a Moscú, Rusia 
260 |b Progres 
260 |c 1980 
300 |a 366 páginas 
650 |a LITERATURA FRANCESA 
999 |c 7694  |d 7694 
942 |c 15 D  |h 840 G-11g  |2 z